| 000 | 00470cam a2200193ua 4500 | ||
|---|---|---|---|
| 001 | 355 | ||
| 005 | 20260515113144.0 | ||
| 008 | 110330n ii |||gr||||Z||||||eng | ||
| 040 | _cMAIN | ||
| 082 | _a320.5 | ||
| 245 | 1 |
_aDegree political theory. _cBy Purandar Gogoi. |
|
| 250 | _a1st. | ||
| 260 |
_aDibrugarh.: _bBanalata., _c2005. |
||
| 300 | _a486 p.:5 cm. | ||
| 653 | _aPolitical science. | ||
| 653 | _aPolitical theory. | ||
| 700 | 1 | _aGogoi, Purandar., | |
| 942 | _cBK | ||
| 999 |
_c304 _d304 |
||